Normal view
MARC view
- Churchill, Robert Paul
Entry Personal Name
001 - CONTROL NUMBER
- control field: 21757
003 - CONTROL NUMBER IDENTIFIER
- control field: OSt
005 - DATE AND TIME OF LATEST TRANSACTION
- control field: 20170808163252.0
008 - FIXED-LENGTH DATA ELEMENTS
- fixed length control field: 170808|| aca||aabn | a|a d
040 ## - CATALOGING SOURCE
- Original cataloging agency: OSt
100 ## - HEADING--PERSONAL NAME
- Personal name: Churchill, Robert Paul
